| 000 | 00787nam a2200241 a 4500 | ||
|---|---|---|---|
| 001 | 48048 | ||
| 003 | BD-RjUL | ||
| 005 | 20211209054440.0 | ||
| 008 | 160811s1971 bg ||||| |||| 00| 0 ben d | ||
| 020 | _c: Tk. 3.00 | ||
| 035 | _a(BD-RjUL)48167 | ||
| 040 |
_aBD-RjUL _bben _cBD-RjUL |
||
| 041 | _aben | ||
| 082 |
_223 _a891.72 _bSHS 1971 |
||
| 100 | 1 |
_aশেখভ, আন্তন _9145680 |
|
| 245 | 1 | 0 | _aশঙ্খচিল / |
| 260 |
_aঢাকা : _bবাংলা একাডেমী,র _c১৯৭১ |
||
| 300 |
_a১১৭ পৃ. ; _c২১ সেমি. |
||
| 650 |
_aরাশিয়ান নাটক _9145425 |
||
| 650 |
_aRussian drama _9145426 |
||
| 700 |
_a আহমদ, শাহাবুদ্দীন, অনূদিত _9145706 |
||
| 942 |
_2ddc _cBK |
||
| 999 |
_c48048 _d48048 |
||